000 00473nam a2200181 i 4500
001 27449
003 ES-MaACL
005 20230906153623.0
007 t|
008 030114s1972 sp ||||1| spa d
100 1 _aAub, Max,
_d1903-1972
_923783
245 1 3 _aLa uña y otras narraciones /
_cMax Aub.
250 _a[1ª ed.].
260 _a[Barcelona :
_bPicaso,
_c[1972]
300 _a183 p. ;
_c20 cm.
852 _aES-MaACL
_jC-43568
_bR.82077
999 _c27449
_d27449